Things That Start With 'Z' - Statistics

General Stats
  • This quiz has been taken 50 times
  • The average score is 9 of 12
Answer Stats
Picture Answer % Correct
Zebra
100%
Zipper
100%
Zero
91%
Zombie
89%
Zipline
85%
Zeus
81%
Zucchini
77%
Zeppelin
72%
Zamboni
55%
Ziplock
43%
Zinnia
34%
Ziggurat
26%
No matching quizzes found
Score Distribution
Percent of People with Each Score
Percentile by Number Answered
Your Score History
You have not taken this quiz